000 00522nam a2200205 i 4500
001 bg
003 BPK
005 20190726142023.0
008 s1971 pl f |000 0 polod
040 _cBPK
041 1 _apol
_hrus
080 _a512.64
100 1 _aGel'fand, Izrail Moiseevič
_d(1913- ).
245 0 _aLekcii po linejnoj algebre /
_cI. M. Gelfand.
250 _aIzd. 4 dopol.
260 _aMoskva :
_bIzdat. "Nauka",
_c1971.
300 _as. 271.
650 4 _aAlgebra liniowa
942 _cKS
_2UKD
999 _c9299
_d9299